Normal view MARC view
  • Estudiantes de posgrado

Entry Materia

Number of records used in: 3

001 - NÚMERO DE CONTROL DEL REGISTRO

  • campo de control: 47015

003 - IDENTIFICADOR DE NUMERO DE CONTROL

  • campo de control: UPN

005 - FECHA Y HORA DE LA ÚLTIMA TRANSACCIÓN

  • campo de control: 20221007082440.0

008 - DATOS DE LONGITUD FIJA

  • campo de control de longitud fija: 221007nn fzznnbaba a ana d

040 ## - FUENTE DE LA CATALOGACIÓN

  • Centro catalogador de origen: MX-MxUPN
  • Lengua de catalogación: spa

046 ## - FECHAS CON CODIFICACIÓN ESPECIAL

  • Fecha final para contenidos agregados: 2022

150 ## - ENCABEZAMIENTO - TEMÁTICO

  • Término de materia o nombre geográfico como elemento inicial: Estudiantes de posgrado
  • Subdivisión de materia general: Investigación

670 ## - FUENTE EN LA QUE SE LOCALIZARON DATOS

  • Cita de la fuente: Autoridades BGTQ, 07 octubre 2022:
  • Información localizada: (Encabezamiento: Estudiantes de posgrado - Empleo)

670 ## - FUENTE EN LA QUE SE LOCALIZARON DATOS

  • Cita de la fuente: Autoridades BGTQ, 07 octubre 2022:
  • Información localizada: (Subdivisión general: Investigación)